La edad de hierro
Guardado en:
| Hovedforfatter: | |
|---|---|
| Format: | Bog |
| Sprog: | Spanish |
| Udgivet: |
Chihuahua, México
Medusa
2022
|
| Fag: | |
| Tags: |
Tilføj Tag
Ingen Tags, Vær først til at tagge denne postø!
|
MARC
| LEADER | 00000nam a2200000Ia 4500 | ||
|---|---|---|---|
| 008 | 170316s9999 xx 000 0 spa d | ||
| 020 | |a 978-607-59316-0-9 | ||
| 040 | |a cru BVZT | ||
| 090 | |a 868 M-4.2e | ||
| 100 | |a Marín Fallas, Victoria |9 531 | ||
| 245 | |a La edad de hierro |c / Victoria Marín Fallas | ||
| 260 | |a Chihuahua, México |b Medusa |c 2022 | ||
| 300 | |a IX-XV , 81 p. | ||
| 650 | |a LITERATURA COSTARRICENSE |9 17 | ||
| 650 | 0 | |a POESÍA COSTARRICENSE |9 335 | |
| 999 | |c 31005 |d 31005 | ||
| 942 | |c 15 D |h 868 M-4.2e |2 z | ||



